00456nam a2200193 a 4500001001300000003000900013005001700022008004100039020001000080082001300090100001800103245002200121260002300143300000900166500003500175505001300210650002100223700001800244nice12345678IN_TiNIC20260116011437.0050524s1964 lona grp 000 0 eng  ac10000a241bWEB aWebbe, Gale D aNight and Nothing aLondonbSpckc1964 a199p aincludes index and biblioraphy2 aIll, App aChristian-Ethics1 aWebbe, Gale D